[Event "Clarin GP final"]
[Site "Villa Gesell"]
[Date "1998.03.11"]
[Round "5"]
[White "Sorin, Ariel"]
[Black "Ginzburg, Maximiliano"]
[Result "1/2-1/2"]
[WhiteElo "2460"]
[BlackElo "2470"]
[Annotator "Tyomkin,D"]
[PlyCount "81"]
[EventDate "1998.03.07"]
[EventType "tourn"]
[EventRounds "11"]
[EventCountry "ARG"]
[EventCategory "10"]
[SourceTitle "CBM 064"]
[Source "ChessBase"]
[SourceDate "1998.06.02"]
[SourceVersion "1"]
[SourceVersionDate "1998.06.02"]
[SourceQuality "1"]

1. d4 e6 2. c4 f5 3. Nc3 Nf6 4. Qc2 Bb4 5. e3 b6 (5... O-O {Tyomkin,D} 6. Bd3
c5 7. Nge2 Nc6 8. O-O d6 9. a3 Bxc3 10. Qxc3 a5 $1 $146 {[%csl Rb4]} (10... e5
11. b4 $5 {In my opinion Ulibin was afraid of this move and prepared 10..a5 in
his home preparation, which is an improvement in this variation..}) 11. Qc2 {
[%cal Ge2c3]} Qb6 12. dxc5 dxc5 13. Nc3 Ne5 14. Be2 Bd7 {[%cal Gd7c6]} 15. b3
Bc6 16. Bb2 Nf7 17. Nb5 Qd8 18. Rad1 Qe7 19. f3 {[%csl Ye4]} b6 20. Bc3 Rad8
21. Qb2 Rxd1 22. Rxd1 Rd8 23. Rxd8+ Qxd8 24. Na7 {1/2-1/2 Aleksandrov,A-Ulibin,
M/RUS-Cup6 1997/CBM 59}) 6. Bd3 Bb7 7. f3 c5 (7... Bxc3+ 8. bxc3 $6 (8. Qxc3
$14) 8... O-O 9. Nh3 Nc6 10. O-O Ba6 {[%csl Rc4][%cal Gc6a5]} 11. e4 $6 fxe4
12. fxe4 e5 $1 13. Qa4 Na5 14. Bg5 (14. dxe5 $6 Ng4 15. Ba3 Re8 16. e6 dxe6 17.
Nf4 Ne5) 14... d6 15. Qd1 h6 16. Bh4 c5 $15 {Yurtaev,L-Safin,S/Bishkek zt 1993/
0-1 (83)}) (7... Nc6 8. a3 Bxc3+ 9. Qxc3 a5 10. b3 O-O 11. Ne2 d6 12. d5 (12.
Nf4 $5 {[%cal Gd4d5]}) 12... exd5 13. Bxf5 Qe7 14. O-O Qe5 15. Qxe5 Nxe5 16.
cxd5 Bxd5 17. Nd4 Rfe8 18. Bc2 Nc6 19. Nb5 $16 {Sorin,A-Cordovil,J/Olot op
1992/1/2-1/2(45)}) 8. a3 Bxc3+ 9. Qxc3 O-O 10. Ne2 Qe7 $146 (10... d6 11. O-O
Qe7 12. b4 Nbd7 13. Rb1 Bc6 14. Bb2 $14 {Wiedenkeller,M-Luetke,J/Lugano op
1989/1-0(24)}) 11. b4 d6 12. bxc5 dxc5 13. O-O Nbd7 14. a4 $1 $14 {[%cal Ga4a5]
} Rae8 15. a5 Qd6 {[%cal Gd6b8]} 16. axb6 (16. Ba3 $5 {[%cal Gf1b1]}) 16...
axb6 17. Ra7 Qb8 18. Ra2 Qc7 19. Ba3 $6 (19. Bb2 Ra8 20. Rfa1 Rxa2 21. Rxa2 Ra8
22. Rxa8+ Bxa8 23. d5 $1 $36) 19... g6 20. Bc2 Ra8 21. Rfa1 Kf7 22. dxc5 bxc5 (
22... Nxc5 23. Nd4 $14) 23. Bb2 (23. Nf4 e5 24. Nd3 e4 $132) 23... Rxa2 24.
Rxa2 Ra8 25. Rxa8 Bxa8 26. Ba4 Bc6 27. Bxc6 Qxc6 28. Nf4 e5 29. Nd3 e4 30. Ne5+
Nxe5 31. Qxe5 exf3 32. gxf3 h5 33. Kf2 Nd7 34. Qg7+ Ke8 35. Be5 Qe6 (35... Nxe5
$2 36. Qxe5+ Kd7 (36... Kf7 37. h4 $16 {[%cal Gf2g3,Gg3f4]}) 37. Kg3 {[%cal
Gg3f4]}) 36. Bc7 Qf7 37. Qh8+ Qf8 38. Qa1 Qf6 39. Qa8+ Kf7 40. Qb7 g5 41. Kg2
1/2-1/2

[Event "RUS-chT 05th"]
[Site "Maikop"]
[Date "1998.06.08"]
[Round "6"]
[White "Ivanov, Sergey"]
[Black "Zarubin, Pavel"]
[Result "0-1"]
[WhiteElo "2570"]
[BlackElo "2445"]
[Annotator "Tyomkin,D"]
[PlyCount "100"]
[EventDate "1998.06.03"]
[EventType "team-tourn"]
[EventRounds "11"]
[EventCountry "RUS"]
[SourceTitle "CBM 066"]
[Source "ChessBase"]
[SourceDate "1998.09.30"]
[SourceVersion "1"]
[SourceVersionDate "1998.09.30"]
[SourceQuality "1"]
[WhiteTeam "Sankt Petersburg"]
[BlackTeam "Cherepovets Severstal"]
[WhiteTeamCountry "RUS"]
[BlackTeamCountry "RUS"]

1. d4 e6 2. c4 f5 3. Nf3 Nf6 4. Nc3 c6 5. Bf4 d6 (5... Be7 6. e3 O-O 7. h3 {
[%cal Gg2g4]} d5 8. g4 dxc4 $2 9. Bxc4 b5 10. Bd3 Nd5 11. Nxd5 exd5 12. Qc2 g6
13. Ne5 $16 {Zaitsev,M-Dremin,D/Moscow op2 1995/1-0(17)}) 6. e3 Be7 7. h3 $146
(7. Be2 O-O 8. O-O Nbd7 9. b4 (9. h3 $5 {[%cal Gf4h2]}) 9... Nh5 10. Qb3 Kh8
11. c5 Nxf4 12. exf4 Nf6 13. Rfe1 Nd5 14. g3 $14 {() Pieniazek,A-Horvath,C/
EU-chJ U18 19871-0(40)}) 7... a6 8. Be2 b5 9. a3 Nbd7 10. O-O bxc4 11. Bxc4 Nb6
12. Bd3 Nbd5 13. Bh2 O-O {Black played unusual opening and got not so bed
position!} 14. Rc1 Bd7 15. Nd2 a5 16. e4 fxe4 17. Ncxe4 Nxe4 18. Nxe4 Nf4 19.
Bb1 Rb8 20. Qd2 g5 21. h4 $1 Rb5 22. hxg5 Bxg5 23. Qc2 Qe7 24. Nxd6 $1 Rd5 25.
Ne4 Bh6 26. Rcd1 Rh5 27. g3 (27. Nc5 Be8 28. Bxf4 Bxf4 29. g3 Bd6 30. Rfe1 $16)
27... Kh8 (27... Nd5 28. Nc5 $16 {[%cal Gf1e1]}) 28. Rfe1 $2 (28. gxf4 Rg8+ (
28... Qh4 29. f3 Rg8+ 30. Kh1 (30. Ng5) 30... Bxf4 31. Rf2) 29. Bg3 (29. Ng5 $6
Bxg5 30. fxg5 Qxg5+ 31. Bg3 Qh4 32. Kg2 e5 $1) 29... Qh4 30. Kg2 Qh3+ 31. Kf3
Qg4+ 32. Ke3 Rh3 33. Ng5 Bxg5 34. fxg5 Rxg5 35. Qe4 $18) 28... Qg7 $36 29. f3 (
29. Kh1 Qg4 $40) 29... Nd5 30. Qd3 Rhf5 31. Nc5 Bf4 $1 (31... Rxf3 $6 32. Qxh7+
$1) 32. Ne4 (32. Nxd7 Bxg3 33. Nxf8 Bxh2+ $19) 32... Rh5 33. Re2 Rg8 34. Rf1 e5
(34... Rh3 $17 {[%cal Rf4g3,Yd5f4]}) 35. Rff2 (35. dxe5 Bf5 $1 {[%cal Rf4g3]})
35... exd4 $19 36. Rg2 Be3+ 37. Rxe3 (37. Kh1 Nf4 $1) 37... Nxe3 38. Rd2 c5 39.
b4 axb4 40. axb4 Bf5 41. Qe2 (41. bxc5 Bxe4 42. Qxe4 (42. fxe4 Rxh2 $19) 42...
Qxg3+ $3 (42... Rxh2 $19)) 41... c4 42. g4 Bxg4 43. fxg4 Nxg4 44. Bf4 (44. Bg3
Nf6 $19) 44... d3 45. Bxd3 Qd4+ 46. Kg2 cxd3 47. Rxd3 Ne3+ 48. Kf3 Rh3+ 49. Ng3
{[%tqu "En","Find forced mate","","","h3g3","",10]} Rhxg3+ 50. Bxg3 (50. Kf2
Nd1+ 51. Ke1 Rg1+ 52. Qf1 Qf2+ 53. Kxd1 Rxf1#) 50... Rf8+ 0-1

[Event "RUS-Cup6"]
[Site "Krasnodar"]
[Date "1997.??.??"]
[Round "4"]
[White "Aleksandrov, Aleksej"]
[Black "Ulybin, Mikhail"]
[Result "1/2-1/2"]
[WhiteElo "2615"]
[BlackElo "2555"]
[Annotator "Tyomkin,D"]
[PlyCount "47"]
[EventDate "1997.03.11"]
[EventType "swiss"]
[EventRounds "9"]
[EventCountry "RUS"]
[SourceTitle "EXT 2000"]
[Source "ChessBase"]
[SourceDate "1999.11.16"]
[SourceVersion "1"]
[SourceVersionDate "1999.11.16"]
[SourceQuality "1"]

1. d4 e6 2. c4 f5 3. Nc3 Nf6 4. Qc2 Bb4 5. e3 O-O 6. Bd3 c5 7. Nge2 Nc6 8. O-O
d6 (8... Bxc3 {Tyomkin,D} 9. Qxc3 d6 10. b3 b6 11. Bb2 Qe7 12. Rad1 Nh5 (12...
e5 $5) 13. a3 {[%cal Gb3b4]} Bb7 14. b4 cxd4 15. exd4 Rf6 16. Rfe1 Rg6 17. Ng3
Qh4 18. Bf1 (18. d5 $6 Ne5 $40 19. dxe6 $140 Ng4 $19) 18... Ne7 19. d5 e5 20.
Nxh5 Qxh5 21. f4 $14 {Yakovich-Grebennikov, Kecskemet 1991}) 9. a3 Bxc3 10.
Qxc3 a5 $1 $146 {[%csl Rb4]} (10... e5 {Tyomkin,D} 11. b4 $5 {In my opinion
Ulibin was afraid of this move,and prepared 10..a5 in his home preparation,
which is improvement in this var.} (11. dxc5 $6 dxc5 12. Bc2 (12. Ng3 $5 e4 13.
Bc2 Qe7 $13) 12... Qe7 13. b4 $6 (13. b3 $142 {[%cal Gc1b2]}) 13... cxb4 14.
axb4 Qxb4 15. Ba3 Qxc3 16. Nxc3 Rf7 17. Nb5 Ne8 18. Nd6 Nxd6 19. Bxd6 Be6 $15 {
Inkiov,V-Psakhis,L/Moscow 1986/1/2-1/2(37)})) 11. Qc2 {[%cal Ge2c3]} (11. b3 $5
e5 12. dxc5 dxc5 13. Ng3 (13. Bb2 a4 14. b4 cxb4 15. axb4 Nxb4 16. Bxf5 Bxf5 (
16... Nc6 17. Bc2 $16) 17. Qxb4 Qc7 $1 18. Rfd1 Be6 $11) 13... e4 14. Bc2 $14)
11... Qb6 12. dxc5 dxc5 13. Nc3 Ne5 14. Be2 Bd7 {[%cal Gd7c6]} 15. b3 Bc6 16.
Bb2 Nf7 17. Nb5 Qd8 (17... Be4 $5 18. Bd3 Bxd3 (18... e5 19. Bxe4 fxe4 (19...
Nxe4 20. f3 $16 {[%cal Yb5c3,Yc3d5]}) 20. Rad1 $14) 19. Qxd3 Rad8 20. Qc2 Ne4
21. Rad1 $14 {[%csl Gb2][%cal Gf2f3]}) 18. Rad1 Qe7 19. f3 {[%csl Ye4]} b6 20.
Bc3 Rad8 21. Qb2 Rxd1 22. Rxd1 Rd8 23. Rxd8+ Qxd8 24. Na7 {1/2-1/2} (24. Na7
Be8 25. b4 axb4 26. axb4 Qe7 $11 {[%cal Ye6e5]}) 1/2-1/2

[Event "Clarin GP final"]
[Site "Villa Gesell"]
[Date "1997.??.??"]
[Round "2"]
[White "Garcia Palermo, Carlos H"]
[Black "Rodriguez Vila, Andres"]
[Result "1/2-1/2"]
[WhiteElo "2480"]
[BlackElo "2565"]
[Annotator "Tyomkin,D"]
[PlyCount "81"]
[EventDate "1997.03.02"]
[EventType "tourn"]
[EventRounds "11"]
[EventCountry "ARG"]
[EventCategory "11"]
[SourceTitle "CBM 058"]
[Source "ChessBase"]
[SourceDate "1997.06.01"]
[SourceVersion "1"]
[SourceVersionDate "1997.06.01"]
[SourceQuality "1"]

1. d4 f5 2. c4 Nf6 3. Nc3 e6 4. Bg5 Bb4 5. Qb3 c5 {Other possibilities in this
position are:} (5... Nc6) (5... Bxc3+) 6. a3 $6 $146 (6. d5 e5 7. e3 O-O 8. Bd3
d6 9. Nge2 h6 10. Bxf6 Qxf6 11. a3 Bxc3+ 12. Qxc3 {Harrwitz,D-Morphy,P/Paris m
1858/0-1 (54)}) (6. e3 O-O 7. a3 (7. Bd3 h6 8. Bxf6 Qxf6 $10) 7... Qa5 8. Bd3
Bxc3+ 9. bxc3 Nc6 (9... cxd4 $5 10. exd4 Ne4 11. Bxe4 fxe4 12. Be3 Nc6 {
/\ Qc7 >< c4}) 10. Ne2 d6 11. O-O Qc7 (11... e5 {>=}) 12. Qc2 Ne7 $6 (12... Bd7
) 13. e4 fxe4 14. Bxe4 Nxe4 15. Qxe4 Ng6 16. h4 Rf7 17. h5 Nf8 18. h6 (18. Ng3
h6 $1) 18... Bd7 (18... cxd4 19. cxd4 Qxc4 20. hxg7 Rxg7 21. Bh6 {/\ Nf4+/- ><
e6}) 19. Ng3 $2 (19. Rac1 {/\ Ng3+/=}) 19... cxd4 20. cxd4 Qxc4 $15 {
Chiburdanidze,M-Yusupov,A/Linares 1988/1/2-1/2 (43)[Chiburdanidze,M] (30)}) (6.
dxc5 $5) 6... Bxc3+ 7. Qxc3 cxd4 8. Qxd4 O-O 9. g3 Nc6 {@} 10. Qc3 (10. Qd3 $5)
10... d5 (10... Ne4 $6 11. Bxd8 Nxc3 12. Bc7 $14) 11. Bxf6 (11. Bg2 d4 {
[%cal Ge6e5]}) 11... Rxf6 12. cxd5 exd5 (12... Qxd5 $5 13. Nf3 e5 14. Bg2 (14.
Rd1 Nd4 $13) 14... Rd6 $1 {[%csl Gd1][%cal Ge5e4]} (14... Nd4 15. Nxd4 Qxg2 16.
Qf3 $13)) 13. Bg2 d4 14. Qc5 $2 {[%cal Gc6a5,Ga5b3]} (14. Qb3+ $142) 14... Be6
15. Nh3 Na5 16. Nf4 Bf7 (16... Nb3 $2 17. Nxe6 Nxc5 18. Nxd8 $14 {_|_}) 17. Rd1
Nb3 $17 18. Qe5 Qd7 {[%csl Re5][%cal Ga8e8]} 19. Nd5 $2 (19. Bd5 $142 Re8 20.
Bxf7+ $17) 19... Re6 20. Qc7 (20. Qf4 {leads to the same}) {[%tqu "En","Find
the winning continuation now","white king still in the center.Try to open
white's position by the sacrifice","","e6e2","white king still in the center.
Try to open white position by the sacrifice",15]} 20... Rxe2+ $3 $19 21. Kxe2 (
21. Kf1 Qb5 {[%cal Gb5f1]}) 21... Qb5+ 22. Rd3 (22. Ke1 Bxd5 (22... Re8+ $5 23.
Ne7+ Kf8 24. a4 Qxa4 25. Kf1 Nd2+ $1 26. Rxd2 Bc4+ 27. Ke1 Rxe7+ $19) 23. Bxd5+
Qxd5 24. Rg1 Qb5 $1 $19 {[%cal Ga8e8]}) 22... Re8+ 23. Ne3 dxe3 $2 (23... Nc5
$1 24. Rhd1 dxe3 $19) 24. Qc3 Rd8 $4 (24... Nc5 25. Rhd1 Bb3 $1 (25... Nxd3 26.
Rxd3 Rd8 (26... Bc4 $2 27. Qxc4+ Qxc4 28. Bd5+) (26... Bh5+ $5 $17) 27. Kxe3
Rxd3+ 28. Qxd3 Qe5+ 29. Kd2 Qxb2+ $17) 26. Qxb3+ $8 Nxb3 27. Bd5+ Kf8 $19) 25.
a4 Qa6 26. Bxb7 Bh5+ (26... Qxd3+ $2 27. Qxd3 Rxd3 28. Kxd3 Nc5+ 29. Kxe3 Nxb7
30. Rc1 Nd6 31. Rc6 $16) 27. g4 $2 (27. f3 Nd4+ (27... Qxd3+ 28. Qxd3 Rxd3 29.
Kxd3 Nc5+ 30. Kxe3 Nxb7 31. Rc1 $16 {[%csl Ra7]}) 28. Qxd4 Bxf3+ 29. Kxe3 (29.
Kf1 Rxd4 30. Bxa6 Rxd3 31. Bxd3 Bxh1 32. Ke2 $14) 29... Qe6+ 30. Kxf3 Rxd4 31.
Rxd4 Qb3+ 32. Kf4 Qxb7 {White is getting the same ending like in the game,but
with equal number of pawns}) 27... Bxg4+ 28. f3 Nd4+ 29. Qxd4 Bxf3+ 30. Kxe3
Qe6+ (30... f4+ 31. Kf2 Rxd4 32. Bxa6 Rxd3 33. Bxd3 (33. Rc1 Re3 34. Rc7 Bd5
$15) 33... Bxh1 34. b4 $132) 31. Kxf3 Rxd4 32. Rxd4 Qb3+ 33. Kf4 Qxb7 34. Rhd1
Qxb2 35. R1d2 Qb1 36. Rd1 Qb3 37. h4 h6 (37... g6 38. h5 (38. Kg5 Qa3 {[%cal
Ga3f8,Ge7a3]} 39. h5 Qe7+ 40. Kf4 (40. Kh6 $4 Qe3+) 40... Qh4+ 41. Ke5 Qe7+ (
41... Qxh5 $4 42. Kf6 $1 {The king is very strong piece in the ending!}) 42.
Kf4 Qc7+ 43. Kf3 Kf8 $17 {[%cal Gf8e7]}) 38... Qa3 {[%cal Gg8f7,Gf7e6] /^a3-f8}
39. hxg6 hxg6 40. Kg5 Kf7 41. Rd7+ Ke6 42. Kxg6 Qg3+ $17 43. Kh6 Qh4+ 44. Kg6
Qg4+ 45. Kh6 Qxa4 46. R1d6+ Ke5 47. Rd5+ Ke4 48. Kg5 f4 $17) 38. Kxf5 Qe3 (
38... Qf3+ 39. Ke6 Qf6+ 40. Kd5 $11 (40. Kd7 Kf7 $11)) 39. R1d3 Qe7 40. Kg4 Kh7
41. Kg3 1/2-1/2

[Event "EU-Cup 13th Group2"]
[Site "Eupen"]
[Date "1997.09.23"]
[Round "2"]
[White "Dizdarevic, Emir"]
[Black "Koch, Jean Rene"]
[Result "0-1"]
[WhiteElo "2555"]
[BlackElo "2495"]
[Annotator "Tyomkin,D"]
[PlyCount "122"]
[EventDate "1997.09.22"]
[EventType "team-k.o."]
[EventRounds "3"]
[EventCountry "BEL"]
[SourceTitle "EXT 2020"]
[Source "ChessBase"]
[SourceDate "2019.10.17"]
[SourceVersion "1"]
[SourceVersionDate "2019.10.17"]
[SourceQuality "1"]
[WhiteTeam "Sarajevo Bosna"]
[BlackTeam "Clichy Echecs 92"]
[WhiteTeamCountry "BIH"]
[BlackTeamCountry "FRA"]

1. Nf3 f5 2. c4 Nf6 3. Nc3 d6 4. d4 g6 5. e3 Bg7 6. b4 (6. Bd3 {Gurevich,M} O-O
7. O-O Nc6 8. d5 Nb4 9. Be2 Na6 $5 {[TN;9...c6-51/85]} 10. Rb1 Nc5 11. b4 Nfe4
12. Nxe4 Nxe4 13. Bb2 Bxb2 $5 (13... Nc3 14. Bxc3 Bxc3 15. Nd4 a5 16. a3 axb4
17. axb4 $14 {/\18.Qd3}) 14. Rxb2 a5 15. a3 axb4 16. axb4 e5 $5 17. dxe6 Bxe6
$132 {Lautier,J-Gurevich,M/Belgrade 1991/1/2-1/2(46)}) 6... O-O (6... c5 $1
$146 {Malaniuk,V} 7. a3 $6 (7. b5 $142) 7... O-O (7... Nc6 $5) 8. Bb2 Nc6 9. d5
$6 (9. b5 $8 Na5 $13) 9... cxb4 $1 10. Nb5 $8 bxa3 (10... a6 11. dxc6 (11. axb4
Nxb4 $13) 11... axb5 12. axb4 Rxa1 13. Qxa1 bxc6 14. cxb5 $16) 11. Bxf6 Bxf6
12. dxc6 Qa5+ $1 (12... Bxa1 13. c7 Bc3+ 14. Nxc3 Qxc7 15. Qa4 $13) 13. Nd2
Bxa1 14. Qxa1 a2 $1 $17 (14... bxc6 15. Qxa3 Qxa3 16. Nxa3 $15) 15. cxb7 Bxb7
$19 {/\Be4 Sulava,N-Malaniuk,V/Montecatini Terme 1995/1-0(31)}) 7. Bb2 Kh8 $146
(7... Nc6 $2 {Tyomkin,D} 8. b5 Na5 {[%csl Ra5]} 9. Be2 Qe8 {[%cal Ge7e5]} 10.
Nd5 $1 Nxd5 11. cxd5 {[%cal Gb2c3]} b6 12. Bc3 Nb7 13. Rc1 $16 {[%csl Rb7,Rc7]
<->c Hartman,C-Christensen,T/Arnold Cup 1991/TD 91\06/1-0 (36)}) (7... c5 $5 8.
b5 $13) 8. Be2 c6 (8... c5 $5) 9. O-O Qc7 10. Qb3 Be6 $2 (10... e5 $142) 11. d5
$1 $14 {/+/- capturing the center} Bg8 12. Rfd1 Na6 13. a3 Rad8 14. Rac1 e5 15.
dxe6 Bxe6 16. Nd5 $1 {[%cal Yc1c7]} Qd7 17. Nxf6 Bxf6 18. Bxf6+ Rxf6 19. Qc3
Qg7 20. c5 $1 {[%cal Ge2a6]} Nb8 (20... Bd5 21. Bxa6 Bxf3 22. gxf3 bxa6 23.
cxd6 Rfxd6 24. Rxd6 Rxd6 25. Qxg7+ Kxg7 26. Rc5 $16 {[%cal Gc5a5] /+-}) 21. b5
{[%csl Yd5]} (21. Rxd6 Rxd6 22. cxd6 Bd5) 21... Rff8 (21... cxb5 22. Rxd6) 22.
bxc6 Qxc3 23. Rxc3 bxc6 {[%cal Ge6d5]} 24. cxd6 Bd5 25. Bc4 Rxd6 26. Bxd5 Rfd8
27. Rb3 {[%csl Rb8][%cal Gb3b7]} Rxd5 28. Rxd5 cxd5 29. Rb7 Nc6 30. Rc7 $2 (30.
Ng5 $1 $16 {/+-} Rb8 31. Rxh7+ Kg8 32. h4) 30... Rd6 {[%cal Gd6f6,Gd6c6,Yd5d4,
Ga7a6]} 31. Kf1 (31. Ng5 Kg8 {-like the game}) 31... a6 32. Ng5 Kg8 33. h4 (33.
Rxh7 d4 (33... Ne5 $5 34. Re7 Nc4 35. Ne6 Kh8 $44) 34. exd4 (34. Ke2 d3+ 35.
Kd2 Na5) 34... Nxd4 $132 {[%cal Gd4b5]}) 33... h5 34. Nf3 d4 35. exd4 $6 (35.
Ke2 $142) 35... Nxd4 36. Nxd4 Rxd4 $11 37. Rc6 Kg7 38. Rxa6 Rxh4 39. a4 Rb4 40.
Ra7+ Kf6 41. g3 h4 42. gxh4 Rxh4 43. Ra6+ Kg5 44. Ke2 (44. Kg2 $142) 44... Rb4
45. Ke3 Rb3+ 46. Ke2 f4 47. Rd6 (47. Kf1 Kg4 48. Rxg6+ Kf3 49. Kg1 $11) 47...
Ra3 48. Ra6 f3+ 49. Kd2 Kf5 50. a5 g5 51. Ra8 Kg4 52. Rh8 $4 (52. a6 $1 Ra2+ (
52... Kh3 53. Rg8 Kg2 (53... g4 54. Rg6 Ra2+ 55. Ke3 Re2+ 56. Kf4 Rxf2 57. Rxg4
$11) 54. Rxg5+ Kxf2 55. Rg6 $11) 53. Ke1 $1 Re2+ (53... Ra1+ 54. Kd2 Rf1 55.
Ke3) 54. Kf1 Re6 (54... Rb2 55. Ke1 (55. Re8 Ra2 $19) 55... Ra2 56. a7 Re2+ 57.
Kd1 $11) 55. a7 (55. Ra7 $2 Rb6 56. Ke1 Rb1+ 57. Kd2 Rf1 58. Ke3 Re1+ 59. Kd3
Re2 60. Rf7 Rxf2 61. a7 Ra2 62. Ke4 Re2+ 63. Kd3 Re8 $19) 55... Re7 56. Kg1
Re1+ 57. Kh2 Ra1 58. Rb8 Rxa7 59. Rb4+ $11 {[%cal Gh2g3]}) 52... Rxa5 $19 53.
Ke1 (53. Ke3 Re5+ 54. Kd3 Re2 55. Rh2 Kf4 56. Kd4 g4 57. Kd3 Kg5 $19 {[%cal
Gg4g3]}) 53... Ra1+ 54. Kd2 Rf1 55. Rh2 Kf4 56. Kc2 Re1 57. Kd2 Re2+ 58. Kc1
Ke4 59. Kd1 Kd3 60. Rh8 Rxf2 61. Ke1 Ra2 0-1

[Event "FRA-ch Pool A"]
[Site "Marseille"]
[Date "2001.08.16"]
[Round "4"]
[White "Lautier, Joel"]
[Black "Vaisser, Anatoli"]
[Result "1/2-1/2"]
[WhiteElo "2675"]
[BlackElo "2556"]
[Annotator "Tyomkin,D"]
[PlyCount "82"]
[EventDate "2001.08.13"]
[EventType "tourn"]
[EventRounds "7"]
[EventCountry "FRA"]
[EventCategory "13"]
[SourceTitle "CBM 085"]
[Source "ChessBase"]
[SourceDate "2001.11.13"]
[SourceVersion "1"]
[SourceVersionDate "2001.11.13"]
[SourceQuality "1"]

1. d4 f5 2. c4 e6 3. Nc3 Nf6 4. Qc2 Bb4 5. e3 b6 6. Bd3 O-O (6... Bb7 7. f3 {
-this position was tried several times;}) 7. Nge2 Bb7 8. O-O Nc6 9. f3 (9. a3
Bd6 (9... Bxc3 10. Qxc3 Ne4 11. Qc2 Qh4 12. f3 Nf6 13. Bd2 Rae8 14. Rae1 g5 15.
b4 $14 {1-0 Knaak,R-Hracek,Z/Stara Zagora 1990/CBM 17 (35)}) 10. f4 (10. f3 $5)
10... Ne7 11. b4 Ng6 12. Bd2 Qe8 13. Rae1 $14 {1-0 Ligterink,G-Renet,O/Budel
1987/CBM 03 (36)}) 9... Bd6 {[%cal Gc6b4] Black's setup looks dubious with the
knight on c6 and Bd6, but black has got quite good play in few moves;} (9...
Kh8 10. a3 Bd6 11. Bd2 (11. b4 $1) 11... Nh5 12. e4 $6 Qh4 {1-0 Elbilia,
J-Goldgewicht,L/Toulouse 1993/EXT 99 (40)}) (9... Be7 $5) 10. a3 {[%cal Gb2b4]}
a5 11. Nb5 Be7 12. b3 Na7 13. Nbc3 $14 {This is right strategy for white to
avoid any trades because black is lacking space for its' pieces;} (13. e4 Nxb5
14. cxb5 fxe4 15. fxe4 Ng4) (13. Nxa7 Rxa7 14. e4 $6 fxe4 15. fxe4 Ng4 (15...
e5 16. c5 $5) 16. Rxf8+ Qxf8 17. Nc3 {[%cal Gc3b5,Ge4e5]} Bc5 $1 18. dxc5 Qxc5+
19. Kf1 Ra8 $40 {[%cal Ga8f8]}) 13... Nc8 (13... c5 14. Bb2 Nc6 $140 15. d5 $16
) 14. Bd2 {[%cal Yb3b4,Gd2e1,Ye1h4] This move is more flexible than Bb2- white
needs b2-b4 on the queenside;} Kh8 15. Kh1 c5 16. Na4 $6 {White chose the
wrong plan here, and as a result black has got an initiative; White could
still keep some edge by:} (16. Rfd1 $1 {[%cal Gd4d5]} Nd6 17. Be1 $14 {[%cal
Ge1f2,Yf2g3]} (17. Nf4 $5)) 16... Bd6 17. b4 axb4 18. axb4 cxd4 19. exd4 (19.
Nxd4 Ng4 $1 20. h3 $8 (20. fxg4 Qh4 21. Rf4 Bxf4 22. exf4 Qf2 $17) 20... Qh4
$17) 19... Nh5 {[%cal Gd8h4] Both bishops of black are directed to white king
and black is bringing more pieces over there creating pressure on castle of
white king;} 20. g3 (20. c5 Bc7 21. cxb6 Nxb6 22. Nc5 Qh4 $17) 20... Bc7 {
to avoid c4-c5 of white with tempo;} 21. Rae1 Ne7 22. Nac3 Ng6 {[%cal Gg6h4]}
23. Kg1 {White is still able to avoid direct threats of black over the
kingside;} Qf6 24. Rf2 Rac8 25. Qb3 (25. Nb5 $5 Bb8 26. f4 {[%cal Ge2c3,Yd3e2]}
) 25... f4 26. g4 Ng3 $1 {[%mdl 64]} 27. d5 {[%mdl 64]} (27. hxg3 fxg3 $19 {
[%csl Rf3]}) 27... Nxe2+ 28. Rexe2 Ne5 29. Bb1 (29. Be4 Nxc4 $1 30. Qxc4 Be5 {
[%csl Gc3,Gc4]}) 29... Bb8 (29... Nxc4 $4 30. Qxc4 Be5 31. Qe4 $18 {[%csl Re5,
Rh7]}) 30. Re4 Nf7 {[%cal Yf7g5,Yf7d6]} 31. Ree2 Ng5 $6 {Missing the way to
fight for advantage:} (31... Be5 {[%cal Ge5d4]} 32. Ne4 (32. dxe6 dxe6 33. Be4
Bxe4 34. Nxe4 Qd8 35. Kg2 Bd4 36. Rf1 Ne5 $15) 32... Qh4 33. dxe6 dxe6 34. Bc3
Rfd8 $15) 32. Ne4 {Now white gets balance by trading all light pieces;} Nxe4
33. Bxe4 Be5 {[%cal Re5d4]} 34. Kg2 exd5 35. Bxd5 (35. cxd5 Bc3 36. Bxc3 Rxc3
37. Qb2 $11) 35... Bxd5 36. cxd5 Bc3 37. Re4 Bxd2 38. Rxd2 Rc3 39. Qd1 {
Black doesn't ahve enough forces now to continue the pressure;} h5 40. gxh5
Rfc8 (40... Qg5+ 41. Kh1 Qxh5 42. Rd3 Rxd3 43. Qxd3 Ra8 {[%cal Ga8a2,Ga2a1]}
44. Re2 Ra1+ 45. Kg2 Qg5+ 46. Kh3 $11) 41. Qe1 {[%cal Ge4e8]} Qg5+ (41... Qg5+
{[%cal Ge4e8]} 42. Kh1 Re3 (42... Qxh5 43. Rxf4 R3c4 $11) 43. Qg1 Qxg1+ $11)
1/2-1/2